| 000 | 00576nam a2200205 i 4500 | ||
|---|---|---|---|
| 001 | 106364 | ||
| 003 | ES-MaACL | ||
| 005 | 20230906184127.0 | ||
| 007 | t| | ||
| 008 | 061103s1968 fr ||||1| fre d | ||
| 080 | _a811.134.3'36 | ||
| 100 | 1 |
_aCantel, R. _934636 |
|
| 245 | 1 | 0 |
_aPrécis de grammaire portugaise / _cR. Cantel. |
| 250 | _a5em. ed. | ||
| 260 |
_aParis : _bVuibert, _c1968. |
||
| 300 |
_a144 p. ; _c22 cm. |
||
| 500 | _aBiblioteca Jacinto Martínez Lacalle. | ||
| 650 | 4 |
_aLengua portuguesa- _xGramática. _914315 |
|
| 852 |
_aES-MaACL _jE-11349 _bR.139058 |
||
| 999 |
_c106364 _d106364 |
||